000 00748nam a2200241Ia 4500
003 OSt
005 20220923213415.0
006 a|||||r|||| 00| 0
007 ta
008 220922b |||||||| |||| 00| 0 hin d
024 _a161,679
037 _cTextual
040 _aARTS
_cARTS
_bhin
041 _2hin
_ahin
082 _aO152,2M971x, H9
100 _aभट्ट, उदय शंकर
245 0 _aविश्वामित्र और दो भाव-नाट्य
246 _aVishvāmitra aur do bhāva-nāṭya
260 _c1949
650 _aहिन्दी साहित्य
_9156264
942 _hO152,2M971x, H9
_cTEXL
_2CC
999 _c316246
_d316246